000 00420nam a2200181Ia 4500
001 13538
005 20260306164808.0
008 260306t2002||||xx |||||||||||||| ||spa||
041 _aESP
082 _aS 004.6
_bR28
100 _aRaya Cabrera, José Luis
_eAUT
245 0 _aRedes locales
260 _c2002
300 _ax, 335 páginas :
_c23 cm.
650 _aGEN
654 _aCCC
942 _cLIB
_dJUS
_fJUS
_2ddc
_n
999 _c13538
_d13538